Führer durch das alte und das neue Museum
Elmentve itt :
| Dokumentumtípus: | Cikk |
|---|---|
| Megjelent: |
1899
|
| Sorozat: | Kolligátum
|
| Kulcsszavak: | Berlin - múzeum - képzőművészeti gyűjtemény |
| Online Access: | http://misc.bibl.u-szeged.hu/23721 |
| LEADER | 00526nab a2200157 i 4500 | ||
|---|---|---|---|
| 001 | misc23721 | ||
| 005 | 20191111110619.0 | ||
| 008 | 171010s1899 hu o 0|| zxx d | ||
| 040 | |a SZTE Miscellanea Repozitórium |b hun | ||
| 041 | |a zxx | ||
| 245 | 0 | 0 | |a Führer durch das alte und das neue Museum |h [elektronikus dokumentum] |
| 260 | |c 1899 | ||
| 300 | |a 1-252 | ||
| 490 | 0 | |a Kolligátum | |
| 695 | |a Berlin - múzeum - képzőművészeti gyűjtemény | ||
| 856 | 4 | 0 | |u http://misc.bibl.u-szeged.hu/23721/1/koll_008_015_001-252.pdf |z Dokumentum-elérés |